| 000 -LEADER |
| fixed length control field |
02232cam a2200361 a 4500 |
| 001 - CONTROL NUMBER |
| control field |
17020951 |
| 005 - DATE AND TIME OF LATEST TRANSACTION |
| control field |
20170105102916.0 |
| 008 - FIXED-LENGTH DATA ELEMENTS--GENERAL INFORMATION |
| fixed length control field |
111025s2009 enkab b 001 0 eng c |
| 010 ## - LIBRARY OF CONGRESS CONTROL NUMBER |
| LC control number |
2008911982 |
| 015 ## - NATIONAL BIBLIOGRAPHY NUMBER |
| National bibliography number |
GBA981562 |
| Source |
bnb |
| 016 7# - NATIONAL BIBLIOGRAPHIC AGENCY CONTROL NUMBER |
| Record control number |
015351772 |
| Source |
Uk |
| 020 ## - INTERNATIONAL STANDARD BOOK NUMBER |
| International Standard Book Number |
9780500251560 (hbk.) |
| 020 ## - INTERNATIONAL STANDARD BOOK NUMBER |
| International Standard Book Number |
0500251568 (hbk.) |
| 035 ## - SYSTEM CONTROL NUMBER |
| System control number |
(OCoLC)ocn317919350 |
| 040 ## - CATALOGING SOURCE |
| Original cataloging agency |
UKM |
| Transcribing agency |
STF |
| Modifying agency |
UKM |
| -- |
BTCTA |
| -- |
CLE |
| -- |
VP@ |
| -- |
COO |
| -- |
IAD |
| -- |
YDXCP |
| -- |
QBX |
| -- |
CDX |
| -- |
GEBAY |
| -- |
MOF |
| -- |
UKMGB |
| -- |
DLC |
| 042 ## - AUTHENTICATION CODE |
| Authentication code |
pcc |
| 050 00 - LIBRARY OF CONGRESS CALL NUMBER |
| Classification number |
D128 |
| Item number |
.M435 2009 |
| 245 04 - TITLE STATEMENT |
| Title |
The medieval world at war / |
| Statement of responsibility, etc. |
edited by Matthew Bennett. |
| 260 ## - PUBLICATION, DISTRIBUTION, ETC. |
| Place of publication, distribution, etc. |
London : |
| Name of publisher, distributor, etc. |
Thames & Hudson, |
| Date of publication, distribution, etc. |
2009. |
| 300 ## - PHYSICAL DESCRIPTION |
| Extent |
272 p. : |
| Other physical details |
ill. (some col.), col. maps ; |
| Dimensions |
28 cm. |
| 500 ## - GENERAL NOTE |
| General note |
"With 264 illustrations, 204 in color." |
| 504 ## - BIBLIOGRAPHY, ETC. NOTE |
| Bibliography, etc. note |
Includes bibliographical references (p. 260-262) and index. |
| 505 00 - FORMATTED CONTENTS NOTE |
| Miscellaneous information |
Introduction: |
| Title |
Change and continuity in warfare / |
| Statement of responsibility |
Matthew Bennett -- |
| Title |
Byzantium against Persia and Islam, 530-750 / |
| Statement of responsibility |
James Howard-Johnson -- |
| Title |
From barbarian kingdoms to the Carolingian empire, 500-850 / |
| Statement of responsibility |
Roy Boss -- |
| Title |
New invaders of Christendom: Muslims, Vikings, Russians, Magyars and Normans, 800-1066 / |
| Statement of responsibility |
Matthew Bennett -- |
| Title |
The revival of Latin Christendom and the crusades in the east, 1050-1250 / |
| Statement of responsibility |
John France -- |
| Title |
Nomads triumphant: Mongols, Mamluks and the later crusades, 1250-1400 / |
| Statement of responsibility |
Timothy May -- |
| Title |
The teutonic knights and the northern crusades, 1200-1450 / |
| Statement of responsibility |
William Urban -- |
| Title |
The challenge to chivalry: longbow and pike, 1275-1475 / |
| Statement of responsibility |
Michael Prestwich -- |
| Title |
The gunpowder revolution, 1300-1500 / |
| Statement of responsibility |
Michael Prestwich -- |
| Title |
The Ottoman challenge: the conquest of Constantinople and military expansion in Europe, 1350-1550 / |
| Statement of responsibility |
Gábor Ágoston -- |
| Title |
The wider world: warfare in India, China, Korea and Japan, 500-1500 / |
| Statement of responsibility |
T.A. Heathcote, Peter Lorge, Matthew Bennett and Karl Friday. |
| 648 #7 - SUBJECT ADDED ENTRY--CHRONOLOGICAL TERM |
| Chronological term |
Geschichte 500-1500 |
| Source of heading or term |
swd |
| 650 #0 - SUBJECT ADDED ENTRY--TOPICAL TERM |
| Topical term or geographic name entry element |
Military history, Medieval. |
| 650 #0 - SUBJECT ADDED ENTRY--TOPICAL TERM |
| Topical term or geographic name entry element |
Military art and science |
| General subdivision |
History |
| Chronological subdivision |
Medieval, 500-1500. |
| 650 07 - SUBJECT ADDED ENTRY--TOPICAL TERM |
| Topical term or geographic name entry element |
Kriegführung |
| Source of heading or term |
swd |
| 651 #7 - SUBJECT ADDED ENTRY--GEOGRAPHIC NAME |
| Geographic name |
Europa |
| Source of heading or term |
swd |
| 700 1# - ADDED ENTRY--PERSONAL NAME |
| Personal name |
Bennett, Matthew, |
| Dates associated with a name |
1954- |
| 906 ## - LOCAL DATA ELEMENT F, LDF (RLIN) |
| a |
7 |
| b |
cbc |
| c |
pccadap |
| d |
2 |
| e |
epcn |
| f |
20 |
| g |
y-gencatlg |
| 942 ## - ADDED ENTRY ELEMENTS (KOHA) |
| Source of classification or shelving scheme |
|
| Koha item type |
Book |